Digital fundamentals / (Record no. 4695)

MARC details
000 -LEADER
fixed length control field 00757nac a22002171u 4500
010 ## - LIBRARY OF CONGRESS CONTROL NUMBER
LC control number 96021933
020 ## - INTERNATIONAL STANDARD BOOK NUMBER
International Standard Book Number 0133984885
020 ## - INTERNATIONAL STANDARD BOOK NUMBER
International Standard Book Number 0135734789 :
082 00 - DEWEY DECIMAL CLASSIFICATION NUMBER
Classification number 621.395
Item number F645
090 ## - LOCALLY ASSIGNED LC-TYPE CALL NUMBER (OCLC); LOCAL CALL NUMBER (OCLC)
-- 4695
-- 4695
100 ## - MAIN ENTRY--PERSONAL NAME
Personal name Floyd, Thomas L.
245 10 - TITLE STATEMENT
Title Digital fundamentals /
Statement of responsibility, etc Thomas L. Floyd.
250 ## - EDITION STATEMENT
Edition statement 6th ed.
Remainder of edition statement international edition
260 ## - PUBLICATION, DISTRIBUTION, ETC. (IMPRINT)
Place of publication, distribution, etc Englewood Cliffs, N.J. :
Name of publisher, distributor, etc Prentice Hall,c1997.
Date of publication, distribution, etc c1997.
300 ## - PHYSICAL DESCRIPTION
Extent 1 v. (various pagings) :
Other physical details ill. (some col.) ;
Dimensions 29 cm.
500 ## - GENERAL NOTE
General note Includes index.
650 #0 - SUBJECT ADDED ENTRY--TOPICAL TERM
Topical term or geographic name as entry element Digital electronics.
650 #0 - SUBJECT ADDED ENTRY--TOPICAL TERM
Topical term or geographic name as entry element Logic circuits.
942 ## - ADDED ENTRY ELEMENTS (KOHA)
Item type Book - Borrowing
Call number prefix 621.395F645
Holdings
Withdrawn status Item status Damaged status Not for loan Home library Current library Shelving location Date acquired Source of acquisition Total Checkouts Total Renewals Full call number Barcode Date last seen Date last borrowed Koha item type
        Central Library Central Library First floor 07/09/2016 Purchase 4 39 621.395 FLO 000005850 15/07/2025 04/12/2017 Book - Borrowing